Espriu : he mirat aquesta terra he mirat aquesta terra
Descripción Física:
40 p. : il. ; 15 cm
Materias:
Espriu, Salvador -- Exposicions
MARC
| LEADER | 00000nam a2200000Ia 4500 | ||
|---|---|---|---|
| 001 | 23929 | ||
| 008 | 160829s2013 xx 000 0 cat d | ||
| 080 | |a FU-62-92 | ||
| 245 | |a Espriu : |b he mirat aquesta terra | ||
| 260 | |a Barcelona : |b CCCB : |b Generalitat de Catalunya. Departament de Cultura, |c 2013 | ||
| 300 | |a 40 p. : |b il. ; |c 15 cm | ||
| 590 | |a Text en català. Hi ha un altre exemplar en anglès amb el R. 23928 i en castellà amb el R. 23927 | ||
| 650 | |a Espriu, Salvador |x Exposicions |9 49771 | ||
| 710 | 2 | |a Catalunya. |b Departament de Cultura |9 52819 | |
| 710 | 2 | |a Centre de Cultura Contemporània de Barcelona |9 52510 | |
| 710 | 1 | |a Barcelona (Catalunya : Província). |b Diputació |9 52408 | |
| 901 | |a Arxiu | ||
| 942 | |n 1 | ||
| 952 | |0 0 |1 0 |4 0 |6 FU6292 |7 1 |9 55586 |a Arxiu |b Arxiu |d 2016-12-01 |l 0 |o FU-62-92 |p 23929 |r 2016-12-01 00:00:00 |w 2016-12-01 |y ARXIU | ||
| 999 | |c 59459 |d 59459 | ||